Company law & practice: an analytical study (Record no. 352943)

000 -LEADER
fixed length control field 00379cam a22001337a 4500
008 - FIXED-LENGTH DATA ELEMENTS--GENERAL INFORMATION
fixed length control field 180718b1971 xxu||||| |||| 00| 0 eng d
082 ## - DEWEY DECIMAL CLASSIFICATION NUMBER
Classification number T3103x54 R812
100 ## - MAIN ENTRY--PERSONAL NAME
Personal name Roy, P.
245 ## - TITLE STATEMENT
Title Company law & practice: an analytical study
Statement of responsibility, etc. by P. Roy and V.P. Arya
260 ## - PUBLICATION, DISTRIBUTION, ETC.
Place of publication, distribution, etc. Delhi
Name of publisher, distributor, etc. Oxford & IBH
Date of publication, distribution, etc. 1971
300 ## - PHYSICAL DESCRIPTION
Extent 206p.
650 ## - SUBJECT ADDED ENTRY--TOPICAL TERM
Topical term or geographic name entry element Corporation Law - India
700 ## - ADDED ENTRY--PERSONAL NAME
Personal name Arya, V.P.
Holdings
Withdrawn status Lost status Damaged status Not for loan Permanent Location Current Location Date acquired Full call number Barcode Date last seen Price effective from Koha item type
        Indian Institute of Public Administration Indian Institute of Public Administration 1993-11-26 T3103x54 R812 46098 2018-07-21 2018-07-21 Book

Powered by Koha